Reflexia novej školy kompetenciami riaditeľov škôl

Uplatňovanie trhového mechanizmu a súťaživosti vstúpilo do sféry trhu so vzdelávacími službami a do konkurencie medzi školami. Aktuálne východiská pre rozpracovanie kompetencií riaditeľov škôl. Rola vyučujúceho, lídra a manažéra.

Gespeichert in:
Bibliographische Detailangaben
1. Verfasser: Obdržálek, Zdenek
Format: Buchkapitel
Sprache:Slowakisch
Schlagworte:
Tags: Tag hinzufügen
Keine Tags, Fügen Sie das erste Tag hinzu!

MARC

LEADER 00000naa$a2200000$$$4500
001 0085923
005 20231127101344.0
041 0 |a slo 
044 |a SK 
245 1 0 |a Reflexia novej školy kompetenciami riaditeľov škôl  |c Zdenek Obdržálek 
520 |a Uplatňovanie trhového mechanizmu a súťaživosti vstúpilo do sféry trhu so vzdelávacími službami a do konkurencie medzi školami. Aktuálne východiská pre rozpracovanie kompetencií riaditeľov škôl. Rola vyučujúceho, lídra a manažéra. 
610 2 0 |a riaditelia 
610 2 0 |a školy 
610 2 0 |a komunikácia 
610 2 0 |a kompetencie 
100 1 |a Obdržálek, Zdenek